All Adidas Yeezy 350 Boost Shoes Quiz - Statistics

General Stats
  • This quiz has been taken 815 times
  • The average score is 4 of 12
Answer Stats
Release Year Version Answer % Correct
2017 V2 Zebra
74%
2015 Original Turtledove
68%
2016 V2 Beluga
64%
2015 Original Moonrock
54%
2016 V2 Oreo
45%
2015 Original Oxford Tan
45%
2016 V2 Black/Red
16%
2017 V2 Black/Red
16%
2016 V2 Black/Copper
8%
2016 V2 Black/Green
8%
2015 Original Pirate Black 2015
5%
2016 Original Pirate Black 2016
5%
No matching quizzes found
Score Distribution
Percent of People with Each Score
Percentile by Number Answered
Your Score History
You have not taken this quiz